000
00315nam a22001457a 4500
008
221208b ||||| |||| 00| 0 eng d
020
_a
9780760011454
041
_a
eng
080
_a
004
082
_a
004DEA
100
_a
18
101
_a
SHKP
245
_a
NETWORK+GUIDE TO NETWORKS
_c
DEAN T
942
_2
udc
_c
BK
999
_c
59145
_d
59145